000 00613nam a22001937a 4500
999 _c195280
_d195280
005 20230316120252.0
010 _aENG-136442
020 _c995.00
035 _aEN-119974
037 _bDBAD/PUB
082 _a306.609
100 _aDoley, Dibya
245 _aReligion And Culture :
_cBy Dibya Doley
_bA Study Of Mising Tribe /
250 _aFirst
260 _bBook Enclave
_aJaipur
_c2017
270 _aF-11, SS,Tower,,Dhamani Street, Chaura Rasta
_bJaipur
_e302003
_k+911412311900
_k9414443132
_mbookenclave@gmail.com
300 _aviii133p.
_c23cm(hbk)
942 _2ddc
_cEN
_h306.609
_mDIB